000 00566nam a2200205Ia 4500
005 20250508154316.0
008 008 250505s9999 xx 000 0 hin d
037 _aTextBook
040 _aFEDL
_beng
_cFEDL
041 _ahin
_2hin
084 _a371.3, BHA
_qFEDL
100 _aBhrdwaj Dinesh Chander
_9765294
245 0 _aSaral shikshan - vidhiya
260 _aAgra, India
_bVinod Pustak Mandir
_c1965
300 _a391p
365 _aINR
_b5
650 _aEducation; Teaching Technique
942 _cTB
_h371.3, BHA
999 _c1349514
_d1349514